Right to information : (Record no. 101898)

MARC details
000 -LEADER
fixed length control field 00793nam a22002057a 4500
005 - DATE AND TIME OF LATEST TRANSACTION
control field 20160808115024.0
008 - FIXED-LENGTH DATA ELEMENTS--GENERAL INFORMATION
fixed length control field 160808b xxu||||| |||| 00| 0 eng d
010 ## - LCCN (DPL NO)
LC control number ENG-115660
020 ## - INTERNATIONAL STANDARD BOOK NUMBER
International Standard Book Number 9789951437451
Terms of availability 1495.00
035 ## - SYSTEM CONTROL NUMBER
System control number EN-99192
037 ## - SOURCE OF ACQUISITION
Source of stock number/acquisition DBAD/PUB
082 ## - DEWEY DECIMAL CLASSIFICATION NUMBER
Classification number 342.540662
100 ## - MAIN ENTRY--PERSONAL NAME
Personal name Tandon,Rajesh
245 ## - TITLE STATEMENT
Title Right to information :
Statement of responsibility, etc by Rajesh Tamdon
Remainder of title exhaustive commentary on the right to information act-2005 along with case from Supreme courts and various information commissions /
260 ## - PUBLICATION, DISTRIBUTION, ETC. (IMPRINT)
Place of publication, distribution, etc Gurgaon
Name of publisher, distributor, etc LexisNexis
Date of publication, distribution, etc 2016
270 ## - ADDRESS
Address 14th Floor, Building No.10, Tower-B, DLF Cyber City, Phase-II
City Gurgaon(Haryana)
Postal code 122002
300 ## - PHYSICAL DESCRIPTION
Extent Various pagings
Dimensions 25 cm. (Hb.)
500 ## - GENERAL NOTE
General note Includes index
942 ## - ADDED ENTRY ELEMENTS (KOHA)
Item type English Books
Source of classification or shelving scheme Dewey Decimal Classification
Classification part 342.540662
Call number suffix TAN
Holdings
Withdrawn status Lost status Source of classification or shelving scheme Damaged status Not for loan Collection code Home library Current library Date acquired Source of acquisition Cost, normal purchase price Total Checkouts Full call number Barcode Date last seen Copy number Cost, replacement price Koha item type
    Dewey Decimal Classification   Not For Loan Non-fiction D.B.Act.Division D.B.Act.Division 08/08/2016 DBAD/PUB 1495.00   342.540662 TAN EN-99192 08/08/2016 1 1495.00 English Books

© Delhi Public Library
Hit Counter
free hit counter